Экономическая теория, Учебное пособие по языку специальности

Dettagli Bibliografici
Autore principale: Е. А. Дворкина
Riassunto:Книга не входит в премиум-версию платформы «Русский как иностранный».
Пособие предназначено для студентов-иностранцев экономических специальностей, владеющих русским языком в объеме I сертификационного уровня. Рассчитано на 130 часов аудиторных занятий. Использованы только аутентичные тексты из учебников по экономической теории. Тестовые задания формируют не только языковую, но и предметную компетенцию. Снабжено мультимедийным приложением для обучения навыкам аудирования профессиональной речи.
Гарантированный срок размещения на платформе до 01.07.2026 (автопролонгация)
Pubblicazione: Санкт-Петербург, Златоуст, 2019
Edizione:Экономическая теория
Soggetti:
Accesso online:Перейти к просмотру издания
Natura: MixedMaterials Elettronico

MARC

LEADER 00000 a2200000 4500
001 RU/ROS-EDU.RU/81466
856 4 |u https://www.ros-edu.ru/book?id=81466  |z Перейти к просмотру издания 
010 |a 978-5-86547-631-3 
205 |a Экономическая теория  |b 2026-07-01 
333 |a Гарантированный срок размещения на платформе до 01.07.2026 (автопролонгация) 
100 |a 20190101d2019 |||y0rusy0250   |s 2026-07-01 
105 |a y z 000zy 
101 0 |a rus 
102 |a RU 
200 1 |a Экономическая теория  |b Электронный ресурс  |e Учебное пособие по языку специальности  |f Е. А. Дворкина 
700 1 |b Е. А.  |a Дворкина  |4 070 
330 |a Пособие предназначено для студентов-иностранцев экономических специальностей, владеющих русским языком в объеме I сертификационного уровня. Рассчитано на 130 часов аудиторных занятий. Использованы только аутентичные тексты из учебников по экономической теории. Тестовые задания формируют не только языковую, но и предметную компетенцию. Снабжено мультимедийным приложением для обучения навыкам аудирования профессиональной речи. 
210 |a Санкт-Петербург  |c Златоуст  |d 2019 
610 1 |a русский язык 
610 1 |a экономическая теория 
610 1 |a текст 
610 1 |a профессиональная речь 
610 1 |a аудирование 
610 1 |a лексика 
610 1 |a грамматика 
675 |a 811 
686 |a 81.2  |2 rubbk 
300 |a Книга не входит в премиум-версию платформы «Русский как иностранный». 
215 |a 400 с.